Ceny a výhry z daňového hľadiska

Bibliographic Details
Main Author: Piršelová, Dagmar (Author)
Format: Article
Language:Slovak
ISSN:1335-0714
Subjects:

MARC

LEADER 00000nab a2200000 a 4500
001 vtls000726329
003 SK-MaSNL
005 20260303230222.0
008 180207c2000 xo 0 slo
015 |a SNBRB2000/07-18023 
035 |a CLN000078487 
040 |a SNKBUCL  |b slo  |c SNKBUCL  |e AACR2 
041 0 |a slo 
044 |a xo  |c SK 
080 |a 336.215:336.46  |2 UDC-MRF-SK2 
080 |a 336.46  |2 UDC-MRF-SK2 
080 |a 336.789  |2 UDC-MRF-SK2 
100 1 |a Piršelová, Dagmar  |4 aut  |9 194806 
245 1 0 |a Ceny a výhry z daňového hľadiska  |c Dagmar Piršelová 
650 0 7 |a výhry  |x ceny  |x dane z príjmov  |2 snkbucl  |9 1263933 
650 0 7 |a ceny  |2 snkbucl  |9 2113 
650 0 7 |a dane z príjmov  |2 snkbucl  |9 2125 
655 7 |a články z novín a časopisov  |2 snkbucl  |9 267496 
773 0 |x 1335-0714  |t Ekonomický a právny poradca podnikateľa  |g Č. 10 (2000), s. 31-33 
850 |a Slovenská národná knižnica v Martine 
852 |a SNK  |b KIS3GCP 
958 |a RBX 
999 |c 2260768  |d 2262698